01239 2200385 4500001002100000005001500021035002000036007000300056008004100059020002200100082001200122084001400134100002400148245014800172250002900320300003000349500001100379650004100390700003300431700003500464700003000499700002500529700003100554700002300585504003000608264004100638336002100679337003000700338002300730040002200753090002200775850001200797999002200809990002200831INLIS00000000086843120220302123227 a0010-0322000097ta220302s2021 yoi g 1 | ind d a978-623-236-222-204223a807 a807 JAB p0 aJabrohimePengarang10aPengajaran sastra /cJabrohim, Suminto A. Sayuti, Burhan Nurgiyantoro, S. Suharianto, Aminuddin, Dasri Al Mubary, Sarwadi; penyunting, Jabrohim aCetakan I November 2021 axii, 243 halaman ;c21 cm aindeks 4aKesusastraan--xStudi dan pengajaran0 aSuminto A. SayutiePengarang0 aBurhan NurgiyantoroePengarang1 aSuharianto, S.ePengarang0 aAminuddinePengarang0 aDasri Al MubaryePengarang0 aSarwadiePengarang aBilbliografi: halaman 24031aYogyakarta :bPustaka Pelajar,c2021 2rdacontentateks 2rdamediaatanpa perantara 2rdacarrieravolume aYOPDYOGbinderda aCB-D.11 2021-1976 aYOPDYOG aCB-D.11/2021-1976 aCB-D.11/2021-1976